000
002690000a22000970004500
100
1
_a
Kinman, Brent
245
1
0
_a
Pilate's assize and the timing of Jesus' trial
300
_a
Vol. 2, Num. 42 (Noviembre, 1991), Páginas 282-295
773
0
_t
Tyndale Bulletin
942
_c
ANA
999
_c
56712
_d
56712